000 00981nac a22002897a 4500
001 BR8708145
003 BR-BrBNA
005 20240105120642.0
008 230509b bl.|||m| |||| 00| 0 por d
040 _aBR-BrBNA
_bpor
_cBiblioteca Nacional de Agricultura
072 _aH60
090 _a0336 BR8708145
100 1 _aGazziero, D.L.P.
100 1 _aNeumaier, N.
110 1 _aCentro Nacional de Pesquisa de Soja, Londrina, PR (Brasil)
_91793
245 1 _aSintomas e diagnose de fitotoxicidade de herbicidas na cultura da soja
246 1 _a[Symptoms and diagnosis of phytotoxicity of herbicides in soybeans' culture]
260 3 _aLondrina, PR (Brasil):
_c1985.
300 _a56 p.
490 _aDocumentos - Centro Nacional de Pesquisa de Soja (Brazil)
_vno. 13
_xISSN 0101-5494
500 _a28 illus.; 8 ref.
650 _aSOJA
650 _aHERBICIDA
650 _aFITOTOXICIDADE
909 _a202312
_bLúcia Elande
_c55
_dLúcia Elande
942 _2AGRIS
_n0
_cMS
999 _c280695
_d280695